Người đàn bà kỳ lạ : Tập truyện ngắn
Đã lưu trong:
| 主要作者: | |
|---|---|
| 格式: | 圖書 |
| 語言: | Undetermined |
| 出版: |
Hà Nội
Thanh Niên
2005
|
| 主題: | |
| 標簽: |
添加標簽
沒有標簽, 成為第一個標記此記錄!
|
| Thư viện lưu trữ: | Trung tâm Học liệu Trường Đại học Cần Thơ |
|---|
| LEADER | 00597nam a2200217Ia 4500 | ||
|---|---|---|---|
| 001 | CTU_95943 | ||
| 008 | 210402s9999 xx 000 0 und d | ||
| 020 | |c 40000 | ||
| 082 | |a 895.9223081 | ||
| 082 | |b S464 | ||
| 100 | |a Hoàng, Thái Sơn | ||
| 245 | 0 | |a Người đàn bà kỳ lạ : | |
| 245 | 0 | |b Tập truyện ngắn | |
| 245 | 0 | |c Hoàng Thái Sơn | |
| 260 | |a Hà Nội | ||
| 260 | |b Thanh Niên | ||
| 260 | |c 2005 | ||
| 650 | |a Short stories,vietnamese | ||
| 650 | |x Collections | ||
| 904 | |i Trúc | ||
| 980 | |a Trung tâm Học liệu Trường Đại học Cần Thơ | ||